Eda belajar mengira

Bibliographic Details
Format: Book
Published: JB : Penerbitan Pelangi Sdn Bhd , 2005
Series:Siri sahabat rimba
Subjects:

MARC

LEADER 00000cam a2200000 7i4500
001 0000033360
005 20220105104107.0
008 120918
020 |a 9830015394 
090 0 0 |a JP   |b MAL 
245 1 0 |a Eda belajar mengira 
260 |a JB :   |b Penerbitan Pelangi Sdn Bhd ,   |c 2005 
440 |a Siri sahabat rimba 
500 |a Children age 4-6 years old (yellow) 
650 0 |a Short stories, Malay 
999 |a 0001157388   |b Book   |c Children Collection   |e Cawangan Taman Universiti 
999 |a 0001157509   |b Book   |c Children Collection   |e Perbadanan Perpustakaan Awam Johor